| 000 | 00548cam a2200181 a 4500 | ||
|---|---|---|---|
| 001 | 000018242 | ||
| 005 | 20200929165422.0 | ||
| 008 | 760728s1911 nyu 000 0 eng d | ||
| 040 |
_aDO-SdBNP _cAAP _dAAP _dDLC _dBNPHU |
||
| 082 |
_annnn _bB832p |
||
| 100 | 1 |
_aBreed, David R. _q(David Riddle), _d1848-1931. _939505 |
|
| 245 | 1 | 0 |
_aPreparing to preach / _cDavid R. Breed. |
| 260 |
_aNew York : _bHodder & Stoughton, _c1911. |
||
| 300 |
_a[18], 21-455 p. ; _c22 cm. |
||
| 650 | 0 |
_aPreaching. _939506 |
|
| 910 | _aCatalogación derivada | ||
| 049 | _aBNGR | ||
| 999 |
_c17763 _d17763 |
||